000
00325 a2200157 4500
001
61085
020
_a
8532256260
040
_c
Anchieta - Pituba
100
_a
Goes, Ana
240
1
0
_a
In @ction 8
_l
por
245
1
0
_a
In @ction 8
300
_a
143/47
362
0
_a
2005
650
4
_a
Inglês e inglês antigo
942
_c
BK
999
_c
61085
_d
61085